Kadra Kataru na mundial 2022 - Statystyki

Ogólne statystyki
  • Ten quiz został rozwiązany 15 razy
    9 od ostatniego zresetowania
  • Średni wynik to 7 z 26
Statystyki odpowiedzi
Pozycja Zawodnik % Poprawnych
Napastnik Akram Afif
83%
Napastnik Almoez Ali
83%
Napastnik Mohammed Muntari
50%
Obrońca Abdelkarim Hassan
33%
Napastnik Hassan Al-Haydos
33%
Obrońca Jassem Gaber
33%
Pomocnik Karim Boudiaf
33%
Obrońca Ro-Ro
33%
Bramkarz Saad Al Sheeb
33%
Bramkarz Youssef Hassan
33%
Pomocnik Abdulaziz Hatem
17%
Pomocnik Ali Assadalla
17%
Pomocnik Assim Madibo
17%
Obrońca Bassam Al-Rawi
17%
Obrońca Boualem Khoukhi
17%
Obrońca Homam Ahmed
17%
Napastnik Khalid Muneer
17%
Bramkarz Meshaal Barsham
17%
Pomocnik Mohammed Waad
17%
Pomocnik Mostafa Meshaal
17%
Obrońca Musab Kheder
17%
Napastnik Naif Al-Hadhrami
17%
Obrońca Tarek Salman
17%
Napastnik Ahmed Alaaedin
0%
Napastnik Ismaeel Mohammad
0%
Pomocnik Salem Aj-Hajri
0%
Nie znaleziono quizów pasujących do podanych kryteriów
Rozkład punktacji
Procent ludzi z każdym wynikiem
Percentyl według liczby udzielonych odpowiedzi
Twoja historia wyników
Nie rozwiązałeś tego quizu od ostatniego zresetowania